000 00626cam a22002293a 4500
001 5216
003 PGUSA
005 20140828083115.0
008 040301s2004||||xxu|||||s|||||000 | eng d
040 _aPGUSA
_beng
042 _adc
050 4 _aU
245 1 0 _aFilm :
_bSet of 4 Atomic Bomb Test Films
_h[electronic resource]
260 _bProject Gutenberg,
_c2004
506 _aPublic domain in the USA.
516 _aElectronic text
653 _aAtomic bomb -- Testing
653 _aNuclear weapons -- Testing
830 0 _aProject Gutenberg
_v5216
856 4 0 _uhttp://www.gutenberg.org/ebooks/5216
942 _cEB
999 _c234545
_d234545